[Event "28.Schlosspark-Open"]
[Site "Wiesbaden-Biebrich"]
[Date "2016.08.28"]
[Round "7.60"]
[White "Zerhusen, Martin"]
[Black "Lorenz, Hermann"]
[Result "1-0"]
[WhiteElo "1789"]
[BlackElo "1663"]
[PlyCount "55"]
[EventDate "2016.??.??"]
[WhiteTeam "SV Oberursel"]
[BlackTeam "SF Mainz"]

1. d4 Nf6 2. c4 g6 3. Nc3 d5 4. cxd5 Nxd5 5. Nf3 Bg7 6. e3 O-O 7. Bd2 b6 8. Bc4
Bb7 9. O-O a6 10. Rc1 b5 11. Bxd5 Bxd5 12. Nxd5 Qxd5 13. Rxc7 Qxa2 14. Qc2 Qe6
15. Bb4 Nd7 16. Ng5 Qf6 17. Rxd7 Qxg5 18. Bxe7 Qg4 19. Rc7 Rfc8 20. Rc1 Re8 21.
h3 Qe6 22. Bh4 Bf8 23. Qc6 Qb3 24. Qc3 Qe6 25. Bg3 h5 26. Rc6 Qd7 27. Qb3 Kh7
28. Rc7 1-0

[Event "28.Schlosspark-Open"]
[Site "Wiesbaden-Biebrich"]
[Date "2016.08.28"]
[Round "7.61"]
[White "Happel, Jürgen"]
[Black "Reinecke, Katharina"]
[Result "1/2-1/2"]
[WhiteElo "1565"]
[BlackElo "1788"]
[PlyCount "104"]
[EventDate "2016.??.??"]
[WhiteTeam "SV Hofheim"]
[BlackTeam "SK Langen"]

1. d4 d5 2. Bf4 c6 3. c3 Nf6 4. h3 Bf5 5. e3 e6 6. Nf3 Be7 7. Bd3 Bxd3 8. Qxd3
Nbd7 9. O-O O-O 10. Nbd2 Rc8 11. a4 c5 12. Rfc1 Rc6 13. Ne5 Nxe5 14. Bxe5 Qd7
15. dxc5 Rxc5 16. b4 Rc7 17. b5 Rcc8 18. c4 Rfd8 19. cxd5 Nxd5 20. Nf3 f6 21.
Bb2 Bc5 22. Rd1 Qe7 23. Qb3 Rd7 24. e4 Nc7 25. Rxd7 Qxd7 26. Rd1 Qe7 27. Rc1
Kh8 28. a5 e5 29. Ra1 Ne6 30. Rc1 Rd8 31. Rd1 Rd7 32. Qa4 b6 33. axb6 Bxb6 34.
Qc2 Nc5 35. Ba3 Rc7 36. Bxc5 Rxc5 37. Qd3 h6 38. Nh4 Kh7 39. Nf5 Qc7 40. Ne3
Rc3 41. Qe2 Bxe3 42. fxe3 Qc5 43. Re1 Rb3 44. Qf3 Rxb5 45. Qf5+ Kh8 46. Qd7 Rb8
47. Kh2 g5 48. Rd1 Qxe3 49. Qc7 Rb2 50. Qc8+ Kh7 51. Qf5+ Kg8 52. Qe6+ Kh7
1/2-1/2

[Event "28.Schlosspark-Open"]
[Site "Wiesbaden-Biebrich"]
[Date "2016.08.28"]
[Round "7.62"]
[White "Wachsmann, Elmar"]
[Black "Neuhoff, Ulrich"]
[Result "0-1"]
[WhiteElo "1549"]
[BlackElo "1776"]
[PlyCount "86"]
[EventDate "2016.??.??"]
[WhiteTeam "SC Groß-Umstadt"]
[BlackTeam "SG Rheinbreitbach"]

1. d4 Nf6 2. Nf3 c5 3. c3 b6 4. Bf4 Bb7 5. e3 Nh5 6. Bxb8 Rxb8 7. Be2 Nf6 8.
O-O h6 9. Nbd2 d6 10. Qa4+ Nd7 11. Qxa7 g6 12. Qa4 Ra8 13. Qb3 Bg7 14. a4 Ra5
15. Nc4 Ra7 16. a5 bxa5 17. Nxa5 Bxf3 18. Bxf3 Rxa5 19. Rxa5 Qxa5 20. Bc6 Qc7
21. Qb5 cxd4 22. Ra1 e6 23. exd4 Ke7 24. Bf3 Rb8 25. Qe2 Kf8 26. Ra6 Kg8 27.
Rc6 Qa7 28. Ra6 Qc7 29. Rc6 Qd8 30. Rxd6 Qe7 31. Ra6 Qg5 32. Qc2 Qb5 33. Ra2
Nf6 34. h3 Nd5 35. Be2 Qc6 36. Bf3 Qd6 37. Ra1 Rc8 38. Ra7 Bxd4 39. Ra1 Bg7 40.
Rd1 Qe5 41. Qd2 Rb8 42. Re1 Qc7 43. Rb1 Bxc3 0-1

[Event "28.Schlosspark-Open"]
[Site "Wiesbaden-Biebrich"]
[Date "2016.08.28"]
[Round "7.63"]
[White "Meaubert, Thomas"]
[Black "Goodwin, David"]
[Result "1-0"]
[WhiteElo "1773"]
[BlackElo "1504"]
[PlyCount "63"]
[EventDate "2016.??.??"]
[WhiteTeam "SC Pirmasens"]
[BlackTeam "SV Kelsterbach"]

1. c4 g6 2. g3 Bg7 3. Nc3 e6 4. Bg2 Ne7 5. d3 a6 6. Bg5 f6 7. Bd2 Nbc6 8. Nf3
d5 9. cxd5 exd5 10. O-O Bd7 11. Qb3 Na5 12. Qc2 Be6 13. Nd4 Bf7 14. Qa4+ Nac6
15. Nxc6 b5 16. Nxd8 bxa4 17. Nxf7 Kxf7 18. Bxd5+ Nxd5 19. Nxd5 Rab8 20. Rfc1
Rhc8 21. Rc2 c6 22. Nb4 f5 23. Rb1 Rb6 24. a3 a5 25. Be3 c5 26. Bxc5 Rb5 27.
Be3 Rxc2 28. Nxc2 Rxb2 29. Rxb2 Bxb2 30. Kf1 Bc3 31. Bd4 Bd2 32. e3 1-0

[Event "28.Schlosspark-Open"]
[Site "Wiesbaden-Biebrich"]
[Date "2016.08.28"]
[Round "7.65"]
[White "Hartel, Sandro"]
[Black "Krischak, Werner"]
[Result "1/2-1/2"]
[WhiteElo "1531"]
[BlackElo "1767"]
[PlyCount "42"]
[EventDate "2016.??.??"]
[WhiteTeam "SC Bendorf"]
[BlackTeam "SK Marburg"]

1. e4 c6 2. d4 d5 3. exd5 cxd5 4. Nc3 Nf6 5. Bg5 e6 6. Bb5+ Bd7 7. Bxd7+ Nbxd7
8. Qe2 Be7 9. Nf3 Qb6 10. O-O-O O-O 11. Ne5 Rfd8 12. f4 Rac8 13. Rhe1 Bb4 14.
Nxd7 Rxd7 15. Rd3 Ne4 16. Nxe4 dxe4 17. Rb3 Qxd4 18. Rd1 Qxd1+ 19. Qxd1 Rxd1+
20. Kxd1 Ba5 21. Rxb7 Bb6 1/2-1/2

[Event "28.Schlosspark-Open"]
[Site "Wiesbaden-Biebrich"]
[Date "2016.08.28"]
[Round "7.66"]
[White "Metzdorf, Matteo"]
[Black "Papadopoulos, Ioannis"]
[Result "1/2-1/2"]
[WhiteElo "1211"]
[BlackElo "1762"]
[PlyCount "69"]
[EventDate "2016.??.??"]
[WhiteTeam "SG Trier"]
[BlackTeam "SV Oberursel"]

1. e4 e5 2. Nf3 Nc6 3. Bb5 a6 4. Ba4 Nf6 5. d3 b5 6. Bb3 d6 7. c3 Be7 8. Nbd2
O-O 9. O-O Be6 10. d4 Bxb3 11. Qxb3 exd4 12. cxd4 d5 13. exd5 Nxd5 14. Ne4 Nf6
15. Nxf6+ Bxf6 16. d5 Ne5 17. Nxe5 Bxe5 18. Re1 Re8 19. Be3 Qd6 20. h3 Qf6 21.
Rab1 Bf4 22. Qd3 Rad8 23. Qd2 Bxe3 24. Rxe3 Re7 25. Rxe7 Qxe7 26. Re1 Qf6 27.
Qe2 h6 28. Rd1 Qd6 29. Rc1 Rd7 30. Qe8+ Kh7 31. Qe4+ Qg6 32. Qxg6+ Kxg6 33.
Rc6+ f6 34. Rxa6 Rxd5 35. Kf1 1/2-1/2

[Event "28.Schlosspark-Open"]
[Site "Wiesbaden-Biebrich"]
[Date "2016.08.28"]
[Round "7.67"]
[White "Binner, Peter"]
[Black "Künne, Lutz Dieter"]
[Result "1-0"]
[WhiteElo "1751"]
[BlackElo "1574"]
[PlyCount "51"]
[EventDate "2016.??.??"]
[WhiteTeam "Vorw.Orient Mainz"]
[BlackTeam "KC Jena"]

1. c4 c6 2. d4 d5 3. e3 Nf6 4. Nc3 dxc4 5. Bxc4 b5 6. Bd3 e6 7. Nf3 Bd6 8. O-O
Nbd7 9. e4 e5 10. Bg5 h6 11. Bh4 O-O 12. d5 g5 13. dxc6 Nc5 14. Bg3 Bg4 15.
Nxb5 Ncxe4 16. Bxe4 Nxe4 17. Nxd6 Nxg3 18. hxg3 Bxf3 19. gxf3 Qc7 20. Qd5 Rad8
21. Rfd1 Kg7 22. Qxe5+ Kg8 23. f4 Qxc6 24. fxg5 hxg5 25. Qxg5+ Kh8 26. Nxf7+
1-0

[Event "28.Schlosspark-Open"]
[Site "Wiesbaden-Biebrich"]
[Date "2016.08.28"]
[Round "7.68"]
[White "Bonrath, Werner"]
[Black "Ebeling, Leander"]
[Result "1-0"]
[WhiteElo "1552"]
[BlackElo "1809"]
[PlyCount "53"]
[EventDate "2016.??.??"]
[WhiteTeam "SK Ebringen"]
[BlackTeam "SK Mainaschaff"]

1. Nf3 c6 2. c4 d5 3. d4 Nf6 4. Nc3 dxc4 5. e4 Bg4 6. Bxc4 e6 7. O-O Nbd7 8.
Be2 Be7 9. Bf4 O-O 10. Rc1 c5 11. Be3 cxd4 12. Nxd4 Bxe2 13. Qxe2 Qa5 14. a3
Rac8 15. Qb5 Qxb5 16. Ndxb5 a6 17. Nd4 Ne5 18. Rfd1 Nc4 19. Rc2 Nxe3 20. fxe3
Rfd8 21. Rdc1 Bc5 22. Nce2 Nd7 23. b4 Bxd4 24. Rxc8 Bxe3+ 25. Kf1 Bxc1 26.
Rxd8+ Nf8 27. Nxc1 1-0

[Event "28.Schlosspark-Open"]
[Site "Wiesbaden-Biebrich"]
[Date "2016.08.28"]
[Round "7.69"]
[White "Schmitt, Clemens"]
[Black "Roth, Michael"]
[Result "1-0"]
[WhiteElo "1802"]
[BlackElo "1540"]
[PlyCount "118"]
[EventDate "2016.??.??"]
[WhiteTeam "SV Bergwinkel"]
[BlackTeam "SC Lerchenberg/ZMO"]

1. c4 e5 2. g3 Bc5 3. Bg2 c6 4. Nc3 Nf6 5. e3 d6 6. Nge2 Bg4 7. O-O Be6 8. d4
exd4 9. exd4 Bb4 10. d5 Bg4 11. Qb3 c5 12. a3 Ba5 13. Qa4+ Bd7 14. Qc2 Na6 15.
Bg5 Qb6 16. Nf4 O-O-O 17. Nd3 Bf5 18. Nb5 h6 19. Bxf6 gxf6 20. Qe2 Rde8 21. Qf3
Be4 22. Qd1 Bxg2 23. Kxg2 h5 24. b4 cxb4 25. axb4 Bxb4 26. Nxb4 Nxb4 27. Rxa7
Kb8 28. Ra1 Reg8 29. Qd2 Na6 30. Qf4 Rd8 31. Rfb1 Qc5 32. Nd4 Nb4 33. Ra4 Nxd5
34. cxd5 Qxd5+ 35. Qf3 Qxf3+ 36. Kxf3 Rc8 37. Rba1 Kc7 38. Rc1+ Kd7 39. Rac4
Rxc4 40. Rxc4 Ra8 41. Rb4 Kc8 42. Nf5 Kc7 43. Rd4 Ra6 44. Kg2 Kd7 45. f4 b5 46.
Kh3 Rb6 47. Rb4 Kc6 48. Nd4+ Kc5 49. Nc2 d5 50. Kh4 d4 51. Rxd4 Ra6 52. Rd8 Rc6
53. Rb8 Kc4 54. Rxb5 Re6 55. Rb7 Re2 56. Rc7+ Kd3 57. Nb4+ Kd2 58. Rc2+ Ke3 59.
Rxe2+ Kxe2 1-0

[Event "28.Schlosspark-Open"]
[Site "Wiesbaden-Biebrich"]
[Date "2016.08.28"]
[Round "7.70"]
[White "Börkey, Pierre"]
[Black "Polat, Marcel"]
[Result "1-0"]
[WhiteElo "1399"]
[BlackElo "1740"]
[PlyCount "97"]
[EventDate "2016.??.??"]
[WhiteTeam "Wiesbadener SV"]
[BlackTeam "Vorw.Orient Mainz"]

1. d4 Nf6 2. Bf4 g6 3. e3 Bg7 4. Nf3 d6 5. Nbd2 Nbd7 6. h3 O-O 7. Be2 Re8 8.
O-O e5 9. dxe5 dxe5 10. Bg3 Nh5 11. Bh4 Nhf6 12. Ne4 Qe7 13. c3 Qf8 14. Nxf6+
Nxf6 15. Qb3 Rb8 16. Bg3 Ne4 17. Bc4 Nxg3 18. fxg3 Be6 19. Ng5 Bxc4 20. Qxc4
Re7 21. Rf2 h6 22. Nxf7 Kh7 23. Ng5+ hxg5 24. Rxf8 Rxf8 25. Rf1 Rxf1+ 26. Kxf1
Bf6 27. Qe4 c6 28. Ke2 Kg7 29. h4 Re6 30. Qg4 Rd6 31. hxg5 Bd8 32. Qc8 b6 33.
Qb7+ Kf8 34. Qxa7 c5 35. Qh7 e4 36. Qh8+ Kf7 37. Qe5 Re6 38. Qd5 Bc7 39. Kf2
Ke7 40. b4 Bd6 41. a3 Re5 42. Qb7+ Ke6 43. Qxb6 Rf5+ 44. Ke2 Rxg5 45. Qc6 cxb4
46. Qxe4+ Kd7 47. Qb7+ Bc7 48. cxb4 Rxg3 49. b5 1-0

[Event "28.Schlosspark-Open"]
[Site "Wiesbaden-Biebrich"]
[Date "2016.08.28"]
[Round "7.71"]
[White "Knödler, Marcel"]
[Black "Gilg, Alfred"]
[Result "1/2-1/2"]
[WhiteElo "1535"]
[BlackElo "1695"]
[PlyCount "29"]
[EventDate "2016.??.??"]
[WhiteTeam "FC Bierstadt"]
[BlackTeam "TuS Dotzheim"]

1. d4 Nf6 2. Nf3 e6 3. e3 b6 4. Be2 Bb7 5. b3 c5 6. dxc5 Bxc5 7. Bb2 d5 8. c4
O-O 9. cxd5 Bb4+ 10. Bc3 Bxc3+ 11. Nxc3 Nxd5 12. Nxd5 Bxd5 13. O-O Nd7 14. Rc1
Nc5 15. Qc2 1/2-1/2

[Event "28.Schlosspark-Open"]
[Site "Wiesbaden-Biebrich"]
[Date "2016.08.28"]
[Round "7.72"]
[White "Bayer, Melissa"]
[Black "Ehmann, Johanna"]
[Result "0-1"]
[WhiteElo "1478"]
[BlackElo "1667"]
[PlyCount "58"]
[EventDate "2016.??.??"]
[WhiteTeam "SK Gründau"]
[BlackTeam "SF Sasbach"]

1. e4 e5 2. Nf3 Nc6 3. Bb5 a6 4. Ba4 Nf6 5. O-O Be7 6. Re1 b5 7. Bb3 O-O 8. c3
d5 9. exd5 Nxd5 10. Nxe5 Nxe5 11. Rxe5 Nf6 12. d4 Bd6 13. Re1 Ng4 14. h3 Nxf2
15. Kxf2 Qh4+ 16. Kf1 Bxh3 17. Bd5 Bg4 18. Qd3 Bg3 19. Be3 Rae8 20. Be4 f5 21.
Bd5+ Kh8 22. Nd2 Qh1+ 23. Bg1 Bxe1 24. Rxe1 Rxe1+ 25. Kxe1 Qxg1+ 26. Nf1 Re8+
27. Kd2 Qf2+ 28. Kc1 Re1+ 29. Qd1 Rxd1# 0-1

[Event "28.Schlosspark-Open"]
[Site "Wiesbaden-Biebrich"]
[Date "2016.08.28"]
[Round "7.73"]
[White "Schneider, Luca"]
[Black "Stork, Christopher"]
[Result "1/2-1/2"]
[WhiteElo "1369"]
[BlackElo "1654"]
[PlyCount "48"]
[EventDate "2016.??.??"]
[WhiteTeam "FC Bierstadt"]
[BlackTeam "SV Oberursel"]

1. Nf3 d5 2. c4 Nf6 3. cxd5 Nxd5 4. e4 Nb4 5. d4 c6 6. a3 N4a6 7. Bf4 e6 8. Nc3
Bd6 9. Bxd6 Qxd6 10. Bd3 c5 11. dxc5 Qxc5 12. Rc1 O-O 13. O-O Nc6 14. Ne2 Qe7
15. Ng3 Nc5 16. Be2 Rd8 17. Qc2 Nd7 18. Rfd1 Nf8 19. Rxd8 Qxd8 20. Rd1 Qb6 21.
b4 Bd7 22. Bd3 Rc8 23. Qe2 a6 24. e5 Nd4 1/2-1/2

[Event "28.Schlosspark-Open"]
[Site "Wiesbaden-Biebrich"]
[Date "2016.08.28"]
[Round "7.74"]
[White "Moseler, Thomas"]
[Black "Held, Gerd"]
[Result "1/2-1/2"]
[WhiteElo "1620"]
[BlackElo "1462"]
[PlyCount "49"]
[EventDate "2016.??.??"]
[WhiteTeam "SK Lister Turm"]
[BlackTeam "SC Groß-Zimmern"]

1. e4 c5 2. Nf3 g6 3. c3 Bg7 4. d4 cxd4 5. cxd4 d6 6. Bc4 Nf6 7. Nc3 O-O 8. O-O
a6 9. Re1 Bg4 10. h3 Bxf3 11. Qxf3 Nc6 12. e5 dxe5 13. dxe5 Ne8 14. e6 f5 15.
Rd1 Qc7 16. Bb3 Nd4 17. Qe3 Nxb3 18. axb3 Nf6 19. Qe1 Qb6 20. Na4 Qxb3 21. Ra3
Qb5 22. Nc3 Qb6 23. Na4 Qb5 24. Rdd3 Nd5 25. Rxd5 1/2-1/2

[Event "28.Schlosspark-Open"]
[Site "Wiesbaden-Biebrich"]
[Date "2016.08.28"]
[Round "7.75"]
[White "Werner, Tom"]
[Black "Wöhl, Torsten"]
[Result "1-0"]
[WhiteElo "1242"]
[BlackElo "1592"]
[PlyCount "83"]
[EventDate "2016.??.??"]
[WhiteTeam "VSG Offenbach"]
[BlackTeam "SC Groß-Zimmern"]

1. e4 e6 2. d4 d5 3. e5 c5 4. c3 Nc6 5. Nf3 Qb6 6. Bd3 Bd7 7. Bc2 Nge7 8. b3
Nf5 9. Bxf5 exf5 10. Bf4 cxd4 11. cxd4 Nxd4 12. Qxd4 Bb4+ 13. Bd2 Bc5 14. Qh4
Bb5 15. b4 Be7 16. Qd4 Qe6 17. a4 Bc4 18. Na3 Rc8 19. Rc1 f6 20. Nxc4 dxc4 21.
O-O fxe5 22. Qxe5 Qxe5 23. Nxe5 O-O 24. Rxc4 Rce8 25. Rfc1 Bf6 26. Nd7 Bb2 27.
Nxf8 Bxc1 28. Rxc1 Kxf8 29. g3 Re7 30. Bf4 Kf7 31. Rc7 Rxc7 32. Bxc7 Ke6 33. f4
Kd7 34. Be5 g6 35. Kf2 Kc6 36. Ke3 Kd5 37. Kd3 a6 38. a5 h6 39. h3 h5 40. h4
Kc6 41. Kc4 b5+ 42. Kd4 1-0

[Event "28.Schlosspark-Open"]
[Site "Wiesbaden-Biebrich"]
[Date "2016.08.28"]
[Round "7.77"]
[White "Lehmann, Wolfgang"]
[Black "Reinecke, Alexander"]
[Result "1-0"]
[WhiteElo "1585"]
[BlackElo "1118"]
[PlyCount "37"]
[EventDate "2016.??.??"]
[WhiteTeam "Wiesbadener SV"]
[BlackTeam "SK Langen"]

1. d4 d5 2. Nf3 Nf6 3. Bf4 Bf5 4. e3 e6 5. Bd3 Bxd3 6. cxd3 Bb4+ 7. Nbd2 O-O 8.
O-O Nbd7 9. Rc1 c6 10. Qb3 Qa5 11. Rfd1 h6 12. h3 Rac8 13. a3 Be7 14. Qxb7 Qb6
15. Qxb6 Nxb6 16. Ne5 Na4 17. b4 Bd6 18. Nxc6 Bxf4 19. Ne7+ 1-0

[Event "28.Schlosspark-Open"]
[Site "Wiesbaden-Biebrich"]
[Date "2016.08.28"]
[Round "7.78"]
[White "Klebs, Sebastian"]
[Black "Busch, Günther"]
[Result "1-0"]
[WhiteElo "1836"]
[BlackElo "1572"]
[PlyCount "113"]
[EventDate "2016.??.??"]
[WhiteTeam "Karlsruher SF"]
[BlackTeam "FC Bierstadt"]

1. e4 d6 2. d4 g6 3. Nf3 Bg7 4. Nc3 a6 5. Bc4 e6 6. O-O Ne7 7. Re1 h6 8. a4 b6
9. Bf4 O-O 10. Qd2 Kh7 11. Rad1 Bb7 12. Qe2 Nd7 13. e5 d5 14. Bd3 c5 15. b3
cxd4 16. Nxd4 Nc5 17. Qd2 Nxd3 18. Qxd3 Rh8 19. Re3 Kg8 20. Qd2 g5 21. Bg3 Ng6
22. Qd3 Qc7 23. Nxe6 fxe6 24. Qxg6 Qf7 25. Qxf7+ Kxf7 26. Ne2 Rac8 27. Nd4 Bf8
28. Rf3+ Kg8 29. Nxe6 Rh7 30. Nxf8 Rxf8 31. Rxf8+ Kxf8 32. f4 gxf4 33. Bxf4 h5
34. Be3 Re7 35. Bd4 Re6 36. Rf1+ Ke7 37. Rf5 b5 38. axb5 axb5 39. Rxh5 Bc6 40.
Rf5 Ke8 41. Rf6 Kd7 42. Rxe6 Kxe6 43. g4 Be8 44. c3 Bg6 45. Kf2 Bc2 46. b4 Bg6
47. Ke3 Kf7 48. Kf4 Be4 49. Kg5 Kg7 50. e6+ Kf8 51. Kf6 Bh7 52. g5 Ke8 53. g6
Bg8 54. h4 Kf8 55. h5 Bf7 56. Bc5+ Kg8 57. exf7+ 1-0

[Event "28.Schlosspark-Open"]
[Site "Wiesbaden-Biebrich"]
[Date "2016.08.28"]
[Round "7.79"]
[White "Hegener, Daniel"]
[Black "Mayer, Rolf"]
[Result "1/2-1/2"]
[WhiteElo "1626"]
[BlackElo "1510"]
[PlyCount "41"]
[EventDate "2016.??.??"]
[WhiteTeam "SC Eschborn"]
[BlackTeam "SC Flörsheim"]

1. Nf3 d5 2. c4 Nf6 3. cxd5 Nxd5 4. g3 g6 5. Bg2 Bg7 6. O-O Nc6 7. d3 Nb6 8.
Qc2 Nd4 9. Nxd4 Bxd4 10. Bh6 c6 11. Nd2 Be6 12. Nf3 Bf6 13. Rac1 Qd7 14. Rfe1
Bh3 15. Kh1 Rg8 16. b3 O-O-O 17. Bf4 g5 18. Be3 Qc7 19. Qc5 h6 20. a4 Rd5 21.
Qb4 1/2-1/2

[Event "28.Schlosspark-Open"]
[Site "Wiesbaden-Biebrich"]
[Date "2016.08.28"]
[Round "7.80"]
[White "Ebeling, Gereon"]
[Black "Börkey, Luis"]
[Result "0-1"]
[WhiteElo "1343"]
[BlackElo "1591"]
[PlyCount "92"]
[EventDate "2016.??.??"]
[WhiteTeam "SK Mainaschaff"]
[BlackTeam "Wiesbadener SV"]

1. e4 c5 2. Nf3 Nc6 3. d4 cxd4 4. Nxd4 e5 5. Nxc6 bxc6 6. Nc3 Nf6 7. Bg5 Bb4 8.
Qf3 d5 9. Bxf6 gxf6 10. exd5 cxd5 11. Bb5+ Bd7 12. Qxd5 Rc8 13. Qxd7+ Qxd7 14.
Bxd7+ Kxd7 15. O-O-O+ Ke6 16. Ne4 Rc4 17. Ng3 Be7 18. Rhf1 Rhc8 19. Rd2 f5 20.
Re2 f4 21. Ne4 f5 22. Nc3 Bb4 23. Rfe1 Bxc3 24. bxc3 R8c5 25. Kb2 Rb5+ 26. Ka1
Rxc3 27. Rc1 f3 28. gxf3 Rxf3 29. Rg1 Rh3 30. Rh1 Rb4 31. Rd2 Rbh4 32. Rhd1
Rxh2 33. Rd6+ Kf7 34. Rc6 Rxf2 35. Rd7+ Ke8 36. Rcd6 Rg4 37. Rd8+ Kf7 38. R8d7+
Kg8 39. Rxa7 Rf1+ 40. Kb2 Rb4+ 41. Ka3 Rb8 42. Rdd7 Rf3+ 43. Ka4 Rg3 44. Rxh7
e4 45. Rh5 f4 46. Rf5 Rf8 0-1

[Event "28.Schlosspark-Open"]
[Site "Wiesbaden-Biebrich"]
[Date "2016.08.28"]
[Round "7.82"]
[White "Gerber, Ingo"]
[Black "Deutsch, Volker"]
[Result "1/2-1/2"]
[WhiteElo "1324"]
[BlackElo "1600"]
[PlyCount "106"]
[EventDate "2016.??.??"]
[WhiteTeam "SF Mainz"]
[BlackTeam "SK Gründau"]

1. d4 d5 2. Nf3 Bf5 3. Bf4 Nf6 4. e3 e6 5. c3 Bd6 6. Bxd6 Qxd6 7. Nbd2 Nbd7 8.
h3 c6 9. Be2 Bg6 10. O-O O-O 11. b3 Ne4 12. Nxe4 Bxe4 13. Nd2 Nf6 14. c4 Rac8
15. c5 Qc7 16. b4 Rfe8 17. Bf3 Bg6 18. Re1 h6 19. a4 Rb8 20. e4 dxe4 21. Bxe4
Nxe4 22. Nxe4 Bxe4 23. Rxe4 Red8 24. Qe2 Rd5 25. Rd1 Rbd8 26. Rd3 Qe7 27. Qe3
Qf6 28. Rf4 Rf5 29. Rxf5 Qxf5 30. b5 Qd5 31. f4 Qc4 32. bxc6 bxc6 33. a5 Qb4
34. Qd2 Qc4 35. g3 f6 36. Kf2 e5 37. fxe5 fxe5 38. Qc3 Qxc3 39. Rxc3 Rxd4 40.
Rb3 Ra4 41. Rb8+ Kh7 42. Rc8 Rxa5 43. Rxc6 Kg8 44. Rc8+ Kf7 45. Rc7+ Ke6 46.
Rxg7 Kf6 47. Rh7 Kg6 48. Rd7 Rxc5 49. Rxa7 Rc6 50. Ra4 Re6 51. Re4 Kf5 52. Kf3
Rg6 53. h4 Rf6 1/2-1/2

[Event "28.Schlosspark-Open"]
[Site "Wiesbaden-Biebrich"]
[Date "2016.08.28"]
[Round "7.84"]
[White "Klinke, Roland"]
[Black "Masoudi, Kian"]
[Result "0-1"]
[WhiteElo "1438"]
[BlackElo "1594"]
[PlyCount "72"]
[EventDate "2016.??.??"]
[WhiteTeam "TuS Dotzheim"]
[BlackTeam "SC Bergen-Enkheim"]

1. d4 Nf6 2. c4 c5 3. d5 b5 4. cxb5 a6 5. Nc3 g6 6. e4 axb5 7. Bxb5 Bg7 8. Nf3
Nxe4 9. Bxd7+ Nxd7 10. Nxe4 Qa5+ 11. Qd2 Qa6 12. Qe2 Qa5+ 13. Qd2 Qa4 14. Qe3
O-O 15. O-O Qb5 16. Qd2 Nb6 17. Nc3 Qd7 18. Re1 Bb7 19. Qe2 Bxc3 20. bxc3 Rfe8
21. Bh6 Qxd5 22. Qb2 Nc4 23. Qe2 Nd6 24. Red1 Qh5 25. Be3 Ne4 26. Rdc1 Ba6 27.
Qc2 Nd6 28. Bxc5 Qxc5 29. Nd4 Bb7 30. Qd2 Qd5 31. f3 e5 32. Nb3 Qc6 33. Qe2 e4
34. fxe4 Nxe4 35. Qc2 Nxc3 36. Nd4 Qd5 0-1

[Event "28.Schlosspark-Open"]
[Site "Wiesbaden-Biebrich"]
[Date "2016.08.28"]
[Round "7.85"]
[White "Gießelbach, Christian"]
[Black "Tiggemann, Felix"]
[Result "0-1"]
[WhiteElo "1588"]
[BlackElo "1411"]
[PlyCount "84"]
[EventDate "2016.??.??"]
[WhiteTeam "TuS Dotzheim"]
[BlackTeam "SF Schöneck"]

1. d4 d5 2. c4 e6 3. Nf3 Nf6 4. g3 Be7 5. Bg2 O-O 6. O-O c5 7. dxc5 Bxc5 8.
Nbd2 Qb6 9. b3 Bd7 10. Qc2 Bc6 11. Ne5 Bd4 12. Bb2 Nbd7 13. Nxd7 Nxd7 14. Nf3
Bxb2 15. Qxb2 dxc4 16. Rfd1 cxb3 17. axb3 Nc5 18. Nd4 Bxg2 19. Kxg2 a5 20. Rdb1
Rfd8 21. e3 Nd3 22. Qc3 Nb4 23. Qc4 Nc6 24. Nxc6 Qxc6+ 25. Kf1 Qxc4+ 26. bxc4
Ra7 27. Ra4 Rda8 28. c5 Rc8 29. Rb5 Rca8 30. Ke2 Kf8 31. Kd3 Ke7 32. Kd4 Kd7
33. Rb6 Kc7 34. Ke5 Ra6 35. Rxa6 Rxa6 36. Kd4 b6 37. cxb6+ Kxb6 38. Kc4 Ra7 39.
Ra1 Rd7 40. Ra2 f5 41. f4 g6 42. h4 Rd1 0-1

[Event "28.Schlosspark-Open"]
[Site "Wiesbaden-Biebrich"]
[Date "2016.08.28"]
[Round "7.86"]
[White "Kirchner, Stefan"]
[Black "Werner, Rosalie"]
[Result "1/2-1/2"]
[WhiteElo "1510"]
[BlackElo "909"]
[PlyCount "39"]
[EventDate "2016.??.??"]
[WhiteTeam "SF Schöneck"]
[BlackTeam "VSG Offenbach"]

1. e4 e6 2. d4 d5 3. Nd2 Nf6 4. e5 Nfd7 5. f4 c5 6. c3 Nc6 7. Ndf3 Qb6 8. a3 c4
9. Rb1 Be7 10. b4 a6 11. Bd2 O-O 12. Nh3 h6 13. Be2 f6 14. O-O Qc7 15. g3 b5
16. Nh4 Bb7 17. Ng6 Rfd8 18. Bh5 f5 19. g4 Nf8 20. Rb2 1/2-1/2